El desafío europero en Centroamerica /
Збережено в:
| Автор: | |
|---|---|
| Формат: | Невідомо |
| Мова: | Spanish |
| Опубліковано: |
[Lugar de publicación no identificado]:
EDUCA,
1982.
|
| Предмети: | |
| Теги: |
Додати тег
Немає тегів, Будьте першим, хто поставить тег для цього запису!
|
MARC
| LEADER | 000000000a22000000004500 | ||
|---|---|---|---|
| 001 | 002987 | ||
| 020 | |a 8483602628 | ||
| 041 | 0 | |a spa | |
| 082 | 0 | 4 | |a 320.972.8 |b S396d |
| 100 | 1 | |a Schori, Pierre | |
| 245 | 1 | 3 | |a El desafío europero en Centroamerica / |c Pierre Schori. |
| 260 | 1 | |a [Lugar de publicación no identificado]: |b EDUCA, |c 1982. | |
| 300 | |a 412 páginas ; |b 17 cm. | ||
| 650 | 4 | |a AMERICA CENTRAL | |
| 650 | 4 | |a POLITICA | |
| 650 | 4 | |a CONDICIONES SOCIALES | |
| 999 | |c 9308 |d 9308 | ||
| 942 | |c BK |h 320.972.8 S396d |2 z | ||



